Normal view
MARC view
- Tyson, Shaun , Jackson, Tony
Entry Personal Name
001 - CONTROL NUMBER
- control field: 67040
003 - CONTROL NUMBER IDENTIFIER
- control field: NUST
005 - DATE AND TIME OF LATEST TRANSACTION
- control field: 20210628203727.0
008 - FIXED-LENGTH DATA ELEMENTS
- fixed length control field: 210628|| aca||aabn | a|a d
040 ## - CATALOGING SOURCE
- Original cataloging agency: NUST
- Transcribing agency: NUST
100 ## - HEADING--PERSONAL NAME
- Personal name: Tyson, Shaun , Jackson, Tony
670 ## - SOURCE DATA FOUND
- Source citation: Work cat.: (NUST): Tyson, Shaun , Jackson, Tony, The essence of organizational behaviour, 1992
